000 00627nam a2200193Ia 4500
005 20250508161840.0
008 008 250505s9999 xx 000 0 eng d
037 _aDissertations
040 _aFEDL
_beng
_cFEDL
041 _aeng
_2eng
084 _a371.27, AGA/DI
_qFEDL
100 _aAgrawal Ved Prakash
_9771667
245 0 _aPrognostic value of science talent search examination conducted by the M. C. D. education department in primary schools
260 _c1977
300 _a79p.
546 _aM. Ed. Dissertation (Delhi University)
942 _cDIS
_h371.27, AGA/DI
999 _c1372636
_d1372636